[Event "IECG CP.2007.P.00061 email"]
[Site "IECG email"]
[Date "2007.10.01"]
[Round "?"]
[White "Hlavacek, Ladislav"]
[Black "Tener, Vadim"]
[Result "0-1"]
[WhiteElo "1831"]
[BlackElo "1193"]
[PlyCount "78"]
[EventDate "2007.10.01"]
[EventType "tourn (corr)"]
[EventRounds "6"]
[SourceTitle "Corr 2011"]
[Source "ChessBase"]
[SourceDate "2010.08.31"]
[SourceVersion "1"]
[SourceVersionDate "2010.08.31"]
[SourceQuality "1"]

1. e4 c5 2. Nf3 a6 3. Be2 d6 4. d4 cxd4 5. Nxd4 Nf6 6. Nc3 e5 7. Nb3 Be7 8. Qd3 0-0 9. 0-0 Qc7 10. Qg3 Kh8 11. Rd1 Nc6 12. a3 b5 13. Qd3 Bb7 14. Qh3 Rfe8 15. Be3 Nb8 16. Bd3 Nbd7 17. g4 Nb6 18. g5 Nfd7 19. Qh5 Kg8 20. Na5 Bc8 21. a4 b4 22. Na2 g6 23. Qf3 d5 24. exd5 Bd6 25. c3 e4 26. Bxe4 Nxa4 27. Nxb4 Nxb2 28. Rdc1 Ne5 29. Qg2 Ng4 30. Bd4 Bxh2+ 31. Kh1 Qf4 32. f3 Bg3 33. Rc2 Ne5 34. Bg1 Bf5 35. Bxf5 gxf5 36. Rxb2 Nxf3 37. Qh3 Ne1 38. Nac6 Qf3+ 39. Rg2 Nxg2 0-1

[Event "IECG CP.2007.P.00061 email"]
[Site "IECG email"]
[Date "2007.10.01"]
[Round "?"]
[White "Zielinski, Sergej"]
[Black "Tener, Vadim"]
[Result "1-0"]
[WhiteElo "2192"]
[BlackElo "1193"]
[PlyCount "93"]
[EventDate "2007.10.01"]
[EventType "tourn (corr)"]
[EventRounds "6"]
[SourceTitle "Corr 2024"]
[Source "ChessBase"]
[SourceDate "2023.10.19"]
[SourceVersion "1"]
[SourceVersionDate "2023.10.19"]
[SourceQuality "1"]

1. e4 c5 2. Nf3 a6 3. d4 cxd4 4. Nxd4 Nf6 5. Nc3 e5 6. Nf3 Bb4 7. Bd2 Nc6 8. Bd3 d5 9. exd5 Nxd5 10. 0-0 0-0 11. Nxd5 Qxd5 12. Re1 Bxd2 13. Qxd2 Be6 14. c4 Qc5 15. Ng5 h6 16. Nxe6 fxe6 17. Qe3 Qxe3 18. Rxe3 Rad8 19. Rae1 Rd4 20. b3 Rfd8 21. Be4 Nb4 22. g3 b6 23. R1e2 Rd1+ 24. Kg2 Kf7 25. a3 Nd3 26. Rf3+ Ke7 27. Bxd3 R8xd3 28. Rxe5 Kd6 29. Rfe3 Rxe3 30. Rxe3 a5 31. h4 Rc1 32. a4 Rb1 33. h5 e5 34. Kh3 Rf1 35. f3 Rb1 36. Kg4 Rg1 37. Rd3+ Kc6 38. Rd8 Rb1 39. Rg8 Rxb3 40. Rxg7 Rb4 41. Rg6+ Kc5 42. Rxh6 Rxa4 43. Re6 Rxc4+ 44. Kg5 Rc3 45. h6 Rxf3 46. h7 Rf8 47. Kh6 1-0

[Event "IECG CF.2007.0.00087 email"]
[Site "IECG email"]
[Date "2007.05.20"]
[Round "1"]
[White "Geddes, Bruce"]
[Black "Tener, Vadim"]
[Result "0-1"]
[WhiteElo "1108"]
[BlackElo "1184"]
[PlyCount "68"]
[EventDate "2007.05.20"]
[EventType "tourn (corr)"]
[EventRounds "6"]
[SourceTitle "Corr 2024"]
[Source "ChessBase"]
[SourceDate "2023.10.19"]
[SourceVersion "1"]
[SourceVersionDate "2023.10.19"]
[SourceQuality "1"]

1. e4 c5 2. Nf3 a6 3. d4 cxd4 4. Nxd4 Nf6 5. Nc3 e5 6. Nf3 Bb4 7. Bd2 0-0 8. Bd3 d6 9. a3 Bxc3 10. Bxc3 Nbd7 11. b4 Qc7 12. Bb2 Nb6 13. c3 Bg4 14. Qc2 Nh5 15. 0-0-0 Nf4 16. h3 Bd7 17. Rdg1 Ba4 18. Qd2 Nc4 19. Bxc4 Qxc4 20. Kb1 Qxe4+ 21. Ka1 Nd3 22. Ne1 Nxb2 23. Kxb2 Rac8 24. Nf3 Qc4 25. Rc1 Qb3+ 26. Ka1 Qxa3+ 27. Kb1 a5 28. bxa5 Rc5 29. c4 Bd7 30. Nh4 Rxa5 31. Qb2 Qd3+ 32. Qc2 Qd4 33. Qc3 Qe4+ 34. Kb2 Rfa8 0-1

[Event "IECG CF.2007.0.00087 email"]
[Site "IECG email"]
[Date "2007.05.20"]
[Round "1"]
[White "Tener, Vadim"]
[Black "Khramkov, Alexey"]
[Result "1-0"]
[WhiteElo "1184"]
[BlackElo "1024"]
[PlyCount "36"]
[EventDate "2007.05.20"]
[EventType "tourn (corr)"]
[EventRounds "6"]
[SourceTitle "Corr 2024"]
[Source "ChessBase"]
[SourceDate "2023.10.19"]
[SourceVersion "1"]
[SourceVersionDate "2023.10.19"]
[SourceQuality "1"]

1. d4 Nf6 2. c4 e6 3. Nf3 b6 4. g3 Bb7 5. Bg2 Bb4+ 6. Bd2 Bxd2+ 7. Qxd2 0-0 8. 0-0 Ne4 9. Qc2 d5 10. cxd5 exd5 11. Nc3 Nxc3 12. bxc3 Nd7 13. c4 Nf6 14. Ne5 c6 15. Rac1 Rc8 16. Qa4 a6 17. cxd5 cxd5 18. Rxc8 Qxc8 1-0

[Event "IECG CF.2006.0.00085 email"]
[Site "IECG email"]
[Date "2006.12.03"]
[Round "?"]
[White "Tener, Vadim"]
[Black "Portal, Angel"]
[Result "1-0"]
[WhiteElo "1138"]
[BlackElo "1001"]
[PlyCount "81"]
[EventDate "2006.12.03"]
[EventType "tourn (corr)"]
[EventRounds "6"]
[SourceTitle "Corr 2011"]
[Source "ChessBase"]
[SourceDate "2010.08.31"]
[SourceVersion "1"]
[SourceVersionDate "2010.08.31"]
[SourceQuality "1"]

1. d4 d5 2. c4 e6 3. Nc3 Nf6 4. Nf3 c6 5. e3 b6 6. Bd3 Ba6 7. Qe2 Bb4 8. 0-0 0-0 9. Ne5 Qc7 10. cxd5 Bxd3 11. Nxd3 Bxc3 12. dxe6 Bxd4 13. exd4 Qd6 14. exf7+ Rxf7 15. Be3 Nbd7 16. Rac1 Re8 17. Rc2 Re4 18. Rfc1 Ng4 19. g3 Nb8 20. Qd2 Qd5 21. Ne5 Nxe5 22. dxe5 Qxa2 23. Qd6 Rf8 24. Bf4 Qb3 25. Rd2 Qf7 26. f3 Rxf4 27. gxf4 Qxf4 28. Re1 Qxf3 29. e6 Qg4+ 30. Rg2 Qh4 31. Rf1 Re8 32. Qc7 Qe7 33. Rf7 Qxc7 34. Rgxg7+ Kh8 35. Rxc7 Rxe6 36. Rxh7+ Kg8 37. Rcg7+ Kf8 38. Rxa7 Kg8 39. Rhb7 Re1+ 40. Kf2 Re8 41. Kg3 1-0

[Event "IECG CF.2006.0.00085 email"]
[Site "IECG email"]
[Date "2006.12.03"]
[Round "?"]
[White "Trevis, Robert R"]
[Black "Tener, Vadim"]
[Result "0-1"]
[WhiteElo "1050"]
[BlackElo "1138"]
[PlyCount "62"]
[EventDate "2006.12.03"]
[EventType "tourn (corr)"]
[EventRounds "6"]
[SourceTitle "Corr 2011"]
[Source "ChessBase"]
[SourceDate "2010.08.31"]
[SourceVersion "1"]
[SourceVersionDate "2010.08.31"]
[SourceQuality "1"]

1. e4 c5 2. Nf3 a6 3. d4 cxd4 4. Bf4 d6 5. Nxd4 e5 6. Be3 exd4 7. Bxd4 Nc6 8. Be3 Nf6 9. Nc3 Be6 10. Be2 Be7 11. 0-0 0-0 12. Qd2 d5 13. exd5 Nxd5 14. Rfd1 Bb4 15. Bg5 Qa5 16. Rab1 Bxc3 17. bxc3 Nxc3 18. Bf3 Nxb1 19. Rxb1 Qxd2 20. Bxd2 Bxa2 21. Rxb7 Rab8 22. Bxc6 Rxb7 23. Bxb7 Rd8 24. Bxa6 Rxd2 25. Kf1 Rxc2 26. Bd3 Bc4 27. Bxc4 Rxc4 28. Ke2 Kf8 29. Kd3 Ra4 30. Ke3 Ke7 31. f4 Ke6 0-1

[Event "IECG CP.2006.P.00017 email"]
[Site "IECG email"]
[Date "2006.10.01"]
[Round "?"]
[White "Zhitnikov, Andrew"]
[Black "Tener, Vadim"]
[Result "0-1"]
[WhiteElo "2018"]
[BlackElo "1139"]
[PlyCount "56"]
[EventDate "2006.10.01"]
[EventType "tourn (corr)"]
[EventRounds "6"]
[SourceTitle "Corr 2011"]
[Source "ChessBase"]
[SourceDate "2010.08.31"]
[SourceVersion "1"]
[SourceVersionDate "2010.08.31"]
[SourceQuality "1"]

1. e4 c5 2. Nf3 a6 3. d4 cxd4 4. Nxd4 Nf6 5. Nc3 e5 6. Nf3 Bb4 7. Bd2 0-0 8. Bd3 Nc6 9. 0-0 d5 10. exd5 Nxd5 11. Nxd5 Qxd5 12. Ng5 h6 13. Be3 Qd7 14. Ne4 f5 15. Bc4+ Kh8 16. Qxd7 Bxd7 17. Nc5 Be8 18. Nxb7 Bf7 19. Bxf7 Rxf7 20. c3 Bf8 21. Nc5 f4 22. Ne4 fxe3 23. fxe3 Rxf1+ 24. Rxf1 Be7 25. b4 g6 26. a4 Kg7 27. a5 Rd8 28. Rf3 Nb8 0-1